[Event "Gorodets-ch"]
[Site "Gorodets"]
[Date "2014.12.20"]
[Round "8"]
[White "Ryabov, Alexander"]
[Black "Kalugin, Alexander"]
[Result "1/2-1/2"]
[WhiteElo "2032"]
[BlackElo "2104"]
[PlyCount "76"]
[EventDate "2014.12.13"]
[EventType "swiss"]
[EventRounds "9"]
[EventCountry "RUS"]
[SourceTitle "CBM 164 Extra"]
[Source "ChessBase"]
[SourceDate "2015.03.02"]
[SourceVersion "1"]
[SourceVersionDate "2015.03.02"]
[SourceQuality "1"]

1. e4 c5 2. Nf3 Nc6 3. Bb5 g6 4. Bxc6 bxc6 5. 0-0 Bg7 6. Re1 Nf6 7. e5 Nd5 8. d3 0-0 9. c4 Nc7 10. Nc3 Ne6 11. d4 cxd4 12. Nxd4 Nxd4 13. Qxd4 d6 14. Bf4 dxe5 15. Qxd8 Rxd8 16. Bxe5 f6 17. Bf4 e5 18. Be3 Be6 19. b3 f5 20. Rad1 Bf8 21. Rxd8 Rxd8 22. Rd1 Rxd1+ 23. Nxd1 a5 24. Bd2 a4 25. Nb2 axb3 26. axb3 Kf7 27. Kf1 Bd6 28. h3 f4 29. Nd3 Bf5 30. Ke2 f3+ 31. gxf3 Bxh3 32. f4 e4 33. Ne1 Bg4+ 34. f3 exf3+ 35. Nxf3 Bxf3+ 36. Kxf3 c5 37. Ke4 Ke6 38. Be1 Be7 1/2-1/2

[Event "Gorodets-ch"]
[Site "Gorodets"]
[Date "2014.12.14"]
[Round "2"]
[White "Ryabov, Alexander"]
[Black "Kraev, Nikolay"]
[Result "1-0"]
[WhiteElo "2032"]
[BlackElo "1782"]
[PlyCount "59"]
[EventDate "2014.12.13"]
[EventType "swiss"]
[EventRounds "9"]
[EventCountry "RUS"]
[SourceTitle "CBM 164 Extra"]
[Source "ChessBase"]
[SourceDate "2015.03.02"]
[SourceVersion "1"]
[SourceVersionDate "2015.03.02"]
[SourceQuality "1"]

1. e4 c5 2. Nf3 Nc6 3. Bb5 Qc7 4. Nc3 e6 5. 0-0 d6 6. Bxc6+ Qxc6 7. d4 Nf6 8. d5 exd5 9. exd5 Qd7 10. Re1+ Be7 11. Bg5 0-0 12. Qe2 Bd8 13. h3 a6 14. a4 b6 15. Bf4 Bb7 16. Qd3 h6 17. Nd2 Bc7 18. Nc4 Rfe8 19. Ne3 Bc8 20. g4 g5 21. Bg3 h5 22. f3 Qd8 23. Kg2 h4 24. Bh2 Bd7 25. Nf5 Bxf5 26. Qxf5 Rxe1 27. Rxe1 Ne8 28. Ne4 Ng7 29. Nf6+ Kf8 30. Qh7 1-0

[Event "Nizhnij Novgorod Region-ch"]
[Site "Nizhnij Novgorod"]
[Date "2013.??.??"]
[Round "5"]
[White "Ryabov, Alexander"]
[Black "Shendrik, Zhanna"]
[Result "1-0"]
[WhiteElo "2013"]
[BlackElo "1987"]
[PlyCount "31"]
[EventDate "2013.10.19"]
[EventType "swiss"]
[EventRounds "9"]
[EventCountry "RUS"]
[SourceTitle "EXT 2014"]
[Source "ChessBase"]
[SourceDate "2013.11.20"]
[SourceVersion "1"]
[SourceVersionDate "2013.11.20"]
[SourceQuality "1"]

1. e4 c5 2. Nf3 e6 3. d4 cxd4 4. Nxd4 a6 5. Bd3 Qc7 6. 0-0 Nf6 7. c4 Nc6 8. Nxc6 dxc6 9. Qe2 Bc5 10. Bg5 Be7 11. h3 h6 12. Be3 g5 13. Nc3 g4 14. h4 g3 15. fxg3 Ng4 16. Qxg4 1-0

[Event "Nizhnij Novgorod Region-ch"]
[Site "Nizhnij Novgorod"]
[Date "2013.??.??"]
[Round "8"]
[White "Ryabov, Alexander"]
[Black "Skvortsov, Andrei"]
[Result "1-0"]
[WhiteElo "2013"]
[BlackElo "2035"]
[PlyCount "113"]
[EventDate "2013.10.19"]
[EventType "swiss"]
[EventRounds "9"]
[EventCountry "RUS"]
[SourceTitle "EXT 2014"]
[Source "ChessBase"]
[SourceDate "2013.11.20"]
[SourceVersion "1"]
[SourceVersionDate "2013.11.20"]
[SourceQuality "1"]

1. e4 d6 2. d4 c6 3. Nc3 g6 4. Be2 Bg7 5. Be3 Nf6 6. h3 Qc7 7. a4 a5 8. Nf3 0-0 9. 0-0 e5 10. dxe5 dxe5 11. Bc4 Na6 12. Qe2 Nh5 13. Rfd1 Nf4 14. Qd2 Be6 15. Bxe6 Nxe6 16. Qd6 Qxd6 17. Rxd6 Nb4 18. Rc1 Rfd8 19. Rxd8+ Rxd8 20. Bb6 Ra8 21. Nd1 Nd4 22. Nxd4 exd4 23. f4 Ra6 24. Bc5 b6 25. Bxb4 axb4 26. b3 Bh6 27. g3 g5 28. Nf2 gxf4 29. Ng4 Bg5 30. h4 Be7 31. gxf4 Bxh4 32. Nh6+ Kf8 33. Nf5 Be7 34. Kg2 c5 35. Rh1 b5 36. axb5 Rb6 37. Rxh7 Ke8 38. e5 Rxb5 39. Kf3 c4 40. Nxd4 Rc5 41. Ke4 cxb3 42. cxb3 Rc3 43. Rh2 Bc5 44. Rb2 Kd7 45. Rd2 Kc8 46. Rd3 Rc1 47. Kd5 Be7 48. Nf5 Bf8 49. Rd4 Kd7 50. Nd6 f6 51. e6+ Kd8 52. Nf5 Rc3 53. Ke4+ Ke8 54. Rc4 Rxc4+ 55. bxc4 b3 56. Kd3 b2 57. Kc2 1-0

[Event "Nizhnij Novgorod Region-ch"]
[Site "Nizhnij Novgorod"]
[Date "2012.10.10"]
[Round "?"]
[White "Ryabov, Alexander"]
[Black "Sukhinin, Anatoly"]
[Result "1/2-1/2"]
[WhiteElo "2026"]
[BlackElo "2049"]
[PlyCount "81"]
[EventDate "2012.10.06"]
[EventType "swiss"]
[EventRounds "9"]
[EventCountry "RUS"]
[SourceTitle "EXT 2022"]
[Source "ChessBase"]
[SourceDate "2021.10.06"]
[SourceVersion "1"]
[SourceVersionDate "2021.10.06"]
[SourceQuality "1"]

1. e4 d5 2. exd5 Nf6 3. d4 Nxd5 4. Nf3 Bg4 5. Be2 e6 6. 0-0 Nc6 7. c4 Nb6 8. Be3 Bxf3 9. Bxf3 Nxc4 10. Bxc6+ bxc6 11. Qa4 Nb6 12. Qxc6+ Qd7 13. Qe4 Be7 14. Nc3 0-0 15. Rfd1 Rfd8 16. Rac1 a5 17. g3 Rab8 18. Bf4 Bd6 19. Bxd6 cxd6 20. b3 d5 21. Qd3 a4 22. Rb1 axb3 23. axb3 Rdc8 24. Rdc1 g6 25. Qa6 Qb7 26. Qd3 Nd7 27. b4 Rc4 28. b5 Nb6 29. h4 Qd7 30. h5 Qe7 31. hxg6 hxg6 32. Rb3 Ra8 33. Kg2 Qg5 34. Rh1 Kg7 35. Ne2 Ra2 36. Qf3 Rcc2 37. Rh7+ Kxh7 38. Qxf7+ Kh8 39. Qf8+ Kh7 40. Rf3 Rc7 41. Rf7+ 1/2-1/2

[Event "Nizhnij Novgorod Region-ch"]
[Site "Nizhnij Novgorod"]
[Date "2012.10.08"]
[Round "?"]
[White "Ryabov, Alexander"]
[Black "Marsak, Viktor D"]
[Result "1/2-1/2"]
[WhiteElo "2026"]
[BlackElo "1939"]
[PlyCount "51"]
[EventDate "2012.10.06"]
[EventType "swiss"]
[EventRounds "9"]
[EventCountry "RUS"]
[SourceTitle "EXT 2022"]
[Source "ChessBase"]
[SourceDate "2021.10.06"]
[SourceVersion "1"]
[SourceVersionDate "2021.10.06"]
[SourceQuality "1"]

1. d4 Nf6 2. c4 Nc6 3. Nc3 e5 4. d5 Ne7 5. g3 Ng6 6. Bg2 Bb4 7. Nf3 0-0 8. 0-0 Bxc3 9. bxc3 d6 10. h3 Ne4 11. Qb3 Nc5 12. Qc2 f5 13. Be3 b6 14. Nd2 f4 15. Bxc5 bxc5 16. Kh2 Bf5 17. Be4 Qd7 18. Bxf5 Rxf5 19. g4 Rff8 20. Nf3 Qe7 21. Qe4 Rab8 22. Rab1 Rb6 23. Rb3 Nh4 24. Rfb1 Nxf3+ 25. exf3 Qh4 26. Kg2 1/2-1/2

[Event "Gorodets-ch"]
[Site "Gorodets"]
[Date "2011.12.09"]
[Round "4"]
[White "Konyaev, Anatoly"]
[Black "Ryabov, Alexander"]
[Result "1/2-1/2"]
[WhiteElo "2021"]
[BlackElo "2023"]
[PlyCount "32"]
[EventDate "2011.12.06"]
[EventType "tourn"]
[EventRounds "13"]
[EventCountry "RUS"]
[SourceTitle "EXT 2023"]
[Source "ChessBase"]
[SourceDate "2022.10.05"]
[SourceVersion "1"]
[SourceVersionDate "2022.10.05"]
[SourceQuality "1"]

1. Nf3 Nf6 2. g3 g6 3. Bg2 Bg7 4. 0-0 0-0 5. d4 d5 6. Nbd2 c6 7. Re1 Nbd7 8. e4 dxe4 9. Nxe4 Nxe4 10. Rxe4 Nf6 11. Re1 Bf5 12. c3 Re8 13. Qb3 Qb6 14. Qc4 Be4 15. Ne5 Bd5 16. Bxd5 cxd5 1/2-1/2

[Event "Gorodets-ch"]
[Site "Gorodets"]
[Date "2011.12.06"]
[Round "1"]
[White "Ryabov, Alexander"]
[Black "Kudryashov, Oleg"]
[Result "1-0"]
[WhiteElo "2023"]
[BlackElo "1931"]
[PlyCount "53"]
[EventDate "2011.12.06"]
[EventType "tourn"]
[EventRounds "13"]
[EventCountry "RUS"]
[SourceTitle "EXT 2023"]
[Source "ChessBase"]
[SourceDate "2022.10.05"]
[SourceVersion "1"]
[SourceVersionDate "2022.10.05"]
[SourceQuality "1"]

1. e4 e6 2. d4 d5 3. Nc3 Bb4 4. e5 c5 5. a3 cxd4 6. axb4 dxc3 7. bxc3 Qc7 8. Qd4 Ne7 9. f4 b6 10. Bd2 Bb7 11. Nf3 Nbc6 12. Qf2 0-0 13. Bd3 Ng6 14. 0-0 Nce7 15. Nd4 a6 16. h4 Rfe8 17. h5 Nf8 18. Qg3 Kh8 19. Qg5 Ng8 20. Rf3 Qe7 21. Qg3 g6 22. Re1 b5 23. f5 exf5 24. Bxf5 Bc8 25. hxg6 fxg6 26. Bxc8 Raxc8 27. e6 1-0

[Event "Gorodets-ch"]
[Site "Gorodets"]
[Date "2010.12.12"]
[Round "13"]
[White "Ryabov, Alexander"]
[Black "Leukhin, Pavel"]
[Result "0-1"]
[WhiteElo "2047"]
[BlackElo "1944"]
[PlyCount "68"]
[EventDate "2010.11.30"]
[EventType "tourn"]
[EventRounds "12"]
[EventCountry "RUS"]
[SourceTitle "EXT 2022"]
[Source "ChessBase"]
[SourceDate "2021.10.06"]
[SourceVersion "1"]
[SourceVersionDate "2021.10.06"]
[SourceQuality "1"]

1. e4 e5 2. Nf3 Nc6 3. Bb5 Bc5 4. 0-0 d6 5. c3 Bd7 6. Bxc6 bxc6 7. d4 exd4 8. cxd4 Bb6 9. Nc3 Bg4 10. Be3 Ne7 11. h3 Bh5 12. g4 Bg6 13. Nd2 0-0 14. f4 f6 15. Nc4 Qd7 16. Nxb6 axb6 17. d5 h5 18. dxc6 Nxc6 19. f5 Bf7 20. gxh5 Ne5 21. Bf4 Bc4 22. Rf2 Nd3 23. Rf3 Nxb2 24. Qc2 Na4 25. Rg3 Kh7 26. Rg6 Nxc3 27. Qxc3 Bf7 28. Qg3 Bxa2 29. h6 Rf7 30. hxg7 Kg8 31. Kf2 Bd5 32. Re1 Ra2+ 33. Kf3 Ra3+ 34. Be3 Qxf5+ 0-1

[Event "Nizhnij Novgorod op"]
[Site "Nizhnij Novgorod"]
[Date "2010.??.??"]
[Round "?"]
[White "Ryabov, Alexander"]
[Black "Simagin, Maxim"]
[Result "1-0"]
[WhiteElo "1964"]
[BlackElo "2038"]
[PlyCount "85"]
[EventDate "2010.10.02"]
[EventType "swiss"]
[EventRounds "9"]
[EventCountry "RUS"]
[SourceTitle "EXT 2011"]
[Source "ChessBase"]
[SourceDate "2010.11.26"]
[SourceVersion "1"]
[SourceVersionDate "2010.11.26"]
[SourceQuality "1"]

1. d4 e6 2. c4 f5 3. Nf3 Bb4+ 4. Bd2 a5 5. a3 Bxd2+ 6. Nfxd2 Nf6 7. e3 0-0 8. Be2 d6 9. 0-0 e5 10. dxe5 dxe5 11. Nc3 c6 12. Nf3 Qe7 13. Qc2 Na6 14. Rfd1 e4 15. Nd4 Kh8 16. Na4 Nd7 17. Rac1 Nac5 18. Nxc5 Nxc5 19. b4 Nd7 20. c5 Ne5 21. Nb3 axb4 22. axb4 Be6 23. Ra1 Qg5 24. Nd4 Bd5 25. Rxa8 Rxa8 26. Qc3 Nd3 27. Bxd3 exd3 28. g3 Be4 29. Ra1 Rxa1+ 30. Qxa1 h5 31. Ne6 Qf6 32. Qxf6 gxf6 33. Kf1 Kg8 34. h4 Kf7 35. Nf4 Bf3 36. Ke1 Be2 37. Kd2 Ke7 38. Nxd3 Bxd3 39. Kxd3 Ke6 40. Kd4 Kd7 41. f3 Ke6 42. e4 fxe4 43. Kxe4 1-0

[Event "Gorodets-ch"]
[Site "Gorodets"]
[Date "2009.12.19"]
[Round "7"]
[White "Leukhin, Mikhail"]
[Black "Ryabov, Alexander"]
[Result "1-0"]
[WhiteElo "2019"]
[BlackElo "1964"]
[PlyCount "61"]
[EventDate "2009.12.13"]
[EventType "tourn"]
[EventRounds "12"]
[EventCountry "RUS"]
[SourceTitle "EXT 2022"]
[Source "ChessBase"]
[SourceDate "2021.10.06"]
[SourceVersion "1"]
[SourceVersionDate "2021.10.06"]
[SourceQuality "1"]

1. d4 Nf6 2. Bf4 g6 3. e3 Bg7 4. Nf3 0-0 5. Bc4 d6 6. Nbd2 Nc6 7. Qe2 Re8 8. 0-0-0 a6 9. Ng5 e6 10. h4 h6 11. Ngf3 Qe7 12. e4 e5 13. dxe5 Nxe5 14. Nxe5 dxe5 15. Be3 b5 16. Bb3 Bb7 17. f3 Nh5 18. Qf2 Nf4 19. Bc5 Qf6 20. g3 Ne6 21. Bxe6 Qxe6 22. Kb1 Rad8 23. Nb3 Bf6 24. Be3 Kh7 25. Nc5 Qc8 26. g4 Bg7 27. Rd2 Bc6 28. Rhd1 Rxd2 29. Qxd2 Bf8 30. Nd7 Qd8 31. Nxf8+ 1-0

[Event "Gorodets-ch"]
[Site "Gorodets"]
[Date "2009.01.06"]
[Round "5"]
[White "Leukhin, Mikhail"]
[Black "Ryabov, Alexander"]
[Result "0-1"]
[WhiteElo "2004"]
[BlackElo "1975"]
[PlyCount "28"]
[EventDate "2009.01.02"]
[EventType "tourn"]
[EventRounds "13"]
[EventCountry "RUS"]
[SourceTitle "EXT 2022"]
[Source "ChessBase"]
[SourceDate "2021.10.06"]
[SourceVersion "1"]
[SourceVersionDate "2021.10.06"]
[SourceQuality "1"]

1. d4 Nf6 2. c4 d6 3. Nc3 g6 4. f4 Bg7 5. e4 0-0 6. Nf3 c5 7. dxc5 Qa5 8. cxd6 Nxe4 9. dxe7 Re8 10. Bd2 Nxc3 11. Bxc3 Bxc3+ 12. bxc3 Qxc3+ 13. Kf2 Be6 14. Qd8 Nc6 0-1